01794nam a2200517 i 450000100060000000300090000600500170001500800390003202000180007104000360008904600090012508000100013408000120014408000080015608000110016408000100017508000120018510000340019724500770023125000220030826000480033030000430037833600270042133700540044833800280050238000160053038000270054638500390057338800100061249000170062250400340063952101800067365000100085365000280086365000250089165000340091665000130095065000420096365500300100565800250103565800280106070000390108871000340112783000170116185600980117856087KOSZ 00520210119095839.0081010s2008 pl f f |000 0 pol a9788301140670 cKOSZ 005aKOSZ 005dKOSZ 005/HR k2003 a579.6 a663/664 a577 a628.32 a504.5 a(075.8)1 aKlimiuk, Ewad(1947- )eAutor10aBiotechnologia w ochronie środowiska /cEwa Klimiuk, Maria Łebkowska. a[Wyd.1, 3 dodr.]. aWarszawa :bWydawnictwo Naukowe PWN,c2008. a266, [2] s. :bil. ;c24 cm +eCD-ROM. 2rdacontentaTekstbtxt 2rdamediaaBez urządzenia pośredniczącegobn 2rdacarrieraWoluminbnc aKsiążki aPublikacje dydaktyczne mPoziom nauczaniaaSzkoły wyższe a2001-1 aŚrodowisko aBibliogr. przy rozdz. Indeks. aDla studentów szkół wyższych na kier. ochrona środowiska oraz biotechnologia, słuchaczy kierunku inżynieria środowiska, studiów podyplomowych, i doktoranckich. 4aGleba 4aDegradacja środowiska 4aOchrona środowiska 4aBiotechnologia środowiskowa 4aŚcieki 4aBiologiczna oczyszczalnia ścieków 4aPodręczniki akademickie aOchrona środowiska aInżynieria i technika1 aŁebkowska, Mariad(1942- )eAutor2 aWydawnictwo Naukowe PWN4pbl. aŚrodowisko uhttp://koha.tu.koszalin.pl/cgi-bin/koha/opac-detail.pl?biblionumber=56078yKatalog online BPK